000 01267nam a2200337 i 4500
001 13397
003 KOSZ 005
005 20221117144308.0
008 081003s1958 pl a f 001 0 pol
015 _aPB 1958/6198
040 _aWA N
_cWA N
_dKOSZ 005/KK
080 _a621.3:518+016
100 1 _aCholewicki, Tadeusz
_d(1907-1988)
_eAutor
245 1 0 _aMacierzowa analiza obwodów liniowych /
_cTadeusz Cholewiński ; Polska Akademia Nauk.
260 _aWarszawa :
_bPaństwowe Wydawnictwo Naukowe,
_c1958.
300 _aVIII, 281 stron :
_bilustracje, errata ;
_c25 cm.
336 _aTekst
_btxt
_2rdacontent
337 _aBez urządzenia pośredniczącego
_bn
_2rdamedia
338 _aWolumin
_bnc
_2rdacarrier
380 _aKsiążki.
490 1 _aMonografie Zagadnień Elektrotechniki Teoretycznej.
504 _aBibliografia na stronach [272]-273. Indeks.
658 _aInżynieria i technika
658 _aMatematyka
650 4 _aMacierze
650 4 _aElektrotechnika
710 _aPaństwowe Wydawnictwo Naukowe
_4pbl.
856 _uhttp://koha.tu.koszalin.pl/cgi-bin/koha/opac-detail.pl?biblionumber=13397
_yKatalog online BPK
830 0 _aMonografie Zagadnień Elektrotechniki Teoretycznej
942 _2UKD
_cKS
999 _c13397
_d13397